Napoleon / (Record no. 22679)

000 -LEADER
fixed length control field 01283nam a22003137a 4500
005 - DATE AND TIME OF LATEST TRANSACTION
control field 20260417123453.0
008 - FIXED-LENGTH DATA ELEMENTS--GENERAL INFORMATION
fixed length control field 260417b xxu||||| |||| 00| 0 eng d
082 ## - DEWEY DECIMAL CLASSIFICATION NUMBER
Classification number 791.4372
Item number N216 2023
245 ## - TITLE STATEMENT
Title Napoleon /
Statement of responsibility, etc directed and produced by Ridley Scott ; written by David Scarpa ; produced by Mark Huffam, Kevin J. Walsh.
260 ## - PUBLICATION, DISTRIBUTION, ETC. (IMPRINT)
Place of publication, distribution, etc Culver City, California :
Name of publisher, distributor, etc Sony Pictures Releasing,
Date of publication, distribution, etc 2023.
300 ## - PHYSICAL DESCRIPTION
Extent 1 video file (ca. 158 mins.) :
Other physical details sound, color.
520 ## - SUMMARY, ETC.
Summary, etc An epic that details the chequered rise and fall of French Emperor Napoleon Bonaparte and his relentless journey to power through the prism of his addictive, volatile relationship with his wife, Josephine.
521 ## - TARGET AUDIENCE NOTE
Target audience note Rated R for strong violence, some grisly images, sexual content and brief language.
546 ## - LANGUAGE NOTE
Language note In English language.
650 ## - SUBJECT ADDED ENTRY--TOPICAL TERM
Topical term or geographic name as entry element Action Epic
650 ## - SUBJECT ADDED ENTRY--TOPICAL TERM
Topical term or geographic name as entry element Adventure Epic
650 ## - SUBJECT ADDED ENTRY--TOPICAL TERM
Topical term or geographic name as entry element Costume Drama
655 ## - INDEX TERM--GENRE/FORM
Genre/form data or focus term War Epic
655 ## - INDEX TERM--GENRE/FORM
Genre/form data or focus term Action
655 ## - INDEX TERM--GENRE/FORM
Genre/form data or focus term Adventure
700 ## - ADDED ENTRY--PERSONAL NAME
Personal name Scott, Ridley, director and producer.
700 ## - ADDED ENTRY--PERSONAL NAME
Personal name Scarpa, David, writter.
700 ## - ADDED ENTRY--PERSONAL NAME
Personal name Haffum, Mark, producer.
700 ## - ADDED ENTRY--PERSONAL NAME
Personal name Walsh, Kevin J., producer.
700 ## - ADDED ENTRY--PERSONAL NAME
Personal name Phoenix, Joaquin, star.
700 ## - ADDED ENTRY--PERSONAL NAME
Personal name Kirby, Vanessa, star.
700 ## - ADDED ENTRY--PERSONAL NAME
Personal name Rahim, Tahar,star.
942 ## - ADDED ENTRY ELEMENTS (KOHA)
Source of classification or shelving scheme
Item type Audio-Visual Materials
Holdings
Source of acquisition Price effective from Permanent location Date last seen Not for loan Date acquired Source of classification or shelving scheme Koha item type Collection code Shelving location Damaged status Lost status Withdrawn status Current location Full call number
Donation2026-04-17Cagayan State University - Carig Library2026-04-17 2026-04-17 Audio-Visual MaterialsElectronic Media CenterAudio Visual   Cagayan State University - Carig Library791.4372 N216 2023

Cagayan State University University Library, Carig Campus
Tuguegarao City, Cagayan 3500 | www.csucarig.edu.ph

Powered by Koha